Las cárceles argentinas de antaño: siglos XVII y XIX: teoría y realidad
Bewaard in:
| Hoofdauteur: | |
|---|---|
| Formaat: | Boek |
| Taal: | Spaans |
| Gepubliceerd in: |
Buenos Aires
Ad-Hoc
2002
|
| Editie: | 1a. ed |
| Onderwerpen: | |
| Tags: |
Voeg label toe
Geen labels, Wees de eerste die dit record labelt!
|
MARC
| LEADER | 00000nam a2200000 a 4500 | ||
|---|---|---|---|
| 001 | UCG0900 | ||
| 003 | CL-VaPUC | ||
| 008 | 100415e20020000AG |||||||||||||||||spa|d | ||
| 020 | |a 9508943394 | ||
| 082 | 0 | 4 | |a 365.982 |b LEV |2 21 |
| 100 | |a Levaggi, Abelardo |e author |9 548564 | ||
| 245 | 1 | 4 | |a Las cárceles argentinas de antaño: siglos XVII y XIX: teoría y realidad |
| 250 | |a 1a. ed | ||
| 300 | |a 480 p | ||
| 942 | |c BK | ||
| 945 | |d 20100415 00:00:00 |a rbrito | ||
| 260 | |a Buenos Aires |b Ad-Hoc |c 2002 | ||
| 650 | 7 | |a PRISIONES SIGLOS 18-19 |2 CL-VaPUC |9 548565 | |
| 650 | 0 | |a Cárceles |9 372952 | |
| 650 | 0 | |a Vida penitenciaria |9 383392 | |
| 650 | 7 | |a SISTEMA CARCELARIO |2 CL-VaPUC |9 356276 | |
| 651 | 0 | |a Argentina |9 254888 | |
| 583 | |a last modification |c 20131230 06:14:00 |k Rodrigo Vera | ||
| 999 | |c 340403 |d 340401 | ||
| 952 | |0 0 |1 0 |4 0 |6 365_982000000000000_LEV_2002 |7 0 |8 DER_HDC |9 435152 |a BIBDER |b BIBDER |d 2019-11-22 |i 4660439 |o 365.982 LEV 2002 |p 4660439 |r 2023-01-25 |w 2019-11-22 |x Ubicación 4to Piso |y BK |z Estos recursos deben solicitarse con anticipación |k DER | ||